| 000 | 01796nam a2200397 a 4500 | ||
|---|---|---|---|
| 001 | ebr10256686 | ||
| 003 | CaPaEBR | ||
| 006 | m u | ||
| 007 | cr cn||||||||| | ||
| 008 | 070426s2004 gw ab sb 101 0 eng d | ||
| 010 | _z 2007296775 | ||
| 016 | 7 |
_z972129022 _2GyFmDB |
|
| 020 | _z3110182319 (hd. bd.) | ||
| 020 | _z9783110182316 (hd. bd.) | ||
| 040 |
_aCaPaEBR _cCaPaEBR |
||
| 035 | _a(OCoLC)503443513 | ||
| 041 | 0 |
_aeng _ager _aita |
|
| 043 | _ae------ | ||
| 050 | 1 | 4 |
_aDE86 _b.P35 2004eb |
| 084 |
_a18.43 _2bcl |
||
| 245 | 0 | 0 |
_aPaideia _h[electronic resource] : _bthe world of the second sophistic / _cedited by Barbara E. Borg. |
| 260 |
_aBerlin ; _aNew York : _bWalter de Gruyter, _cc2004. |
||
| 300 |
_avi, 494 p. : _bill., maps. |
||
| 490 | 1 |
_aMillennium-Studien zu Kultur und Geschichte des ersten Jahrtausends n. Chr. = Millenium studies in the culture and history of the first millenium C.E., _x0922-0887 ; _vv. 2 |
|
| 500 | _aMost of these papers originally presented at a conference on the "World of the Second Sophistic" held at the University of Heidelberg, March 2002. | ||
| 504 | _aIncludes bibliographical references (p. [419]-454) and indexes. | ||
| 533 |
_aElectronic reproduction. _bPalo Alto, Calif. : _cebrary, _d2013. _nAvailable via World Wide Web. _nAccess may be limited to ebrary affiliated libraries. |
||
| 546 | _aText in English, German, and Italian. | ||
| 650 | 0 |
_aCivilization, Greco-Roman _vCongresses. |
|
| 650 | 0 |
_aSophists (Greek philosophy) _vCongresses. |
|
| 655 | 7 |
_aElectronic books. _2local |
|
| 700 | 1 | _aBorg, Barbara. | |
| 710 | 2 | _aebrary, Inc. | |
| 830 | 0 |
_aMillennium-Studien ; _vBd. 2. |
|
| 856 | 4 | 0 |
_uhttp://site.ebrary.com/lib/rucke/Doc?id=10256686 _zAn electronic book accessible through the World Wide Web; click to view |
| 999 |
_c13326 _d13326 |
||